ARRUPE JESUIT UNIVERSITY

CORONAVIRUS -STOP THE SPREAD - CLEAN,DISINFECT,COVER

By the waters of Africa; (Record no. 124051)

MARC details
000 -LEADER
fixed length control field 00806cam a22002291 4500
001 - CONTROL NUMBER
control field 5905357
003 - CONTROL NUMBER IDENTIFIER
control field ARRUPE
005 - DATE AND TIME OF LATEST TRANSACTION
control field 20160127113313.0
008 - FIXED-LENGTH DATA ELEMENTS--GENERAL INFORMATION
fixed length control field 750804s1917 xx 000 0 eng
010 ## - LIBRARY OF CONGRESS CONTROL NUMBER
LC control number 17031878
035 ## - SYSTEM CONTROL NUMBER
System control number (OCoLC)1509690
040 ## - CATALOGING SOURCE
Original cataloging agency DLC
Transcribing agency NmU
Modifying agency DLC
050 00 - LIBRARY OF CONGRESS CALL NUMBER
Classification number DT425
Item number .L6
300 ## - PHYSICAL DESCRIPTION
Other physical details front., plates, fold. map.
Dimensions 22 cm.
100 1# - MAIN ENTRY--PERSONAL NAME
Personal name Lorimer, Norma,
Dates associated with a name 1864-1948.
9 (RLIN) 21844
245 10 - TITLE STATEMENT
Title By the waters of Africa;
Remainder of title British East Africa, Uganda, and the great lakes,
Statement of responsibility, etc by Norma Lorimer ... with introduction by Douglas Sladen.
260 ## - PUBLICATION, DISTRIBUTION, ETC. (IMPRINT)
Place of publication, distribution, etc London,
Name of publisher, distributor, etc R. Scott,
Date of publication, distribution, etc 1917.
300 ## - PHYSICAL DESCRIPTION
Extent x, 342 p.
651 #0 - SUBJECT ADDED ENTRY--GEOGRAPHIC NAME
Geographic name Africa, British East
General subdivision Description and travel.
9 (RLIN) 21845
651 #0 - SUBJECT ADDED ENTRY--GEOGRAPHIC NAME
Geographic name Uganda
General subdivision Description and travel.
9 (RLIN) 9477
906 ## - LOCAL DATA ELEMENT F, LDF (RLIN)
a 7
b cbc
c oclcrpl
d u
e ncip
f 19
g y-gencatlg
942 ## - ADDED ENTRY ELEMENTS (KOHA)
Source of classification or shelving scheme Library of Congress Classification
Koha item type SPC
Holdings
Withdrawn status Lost status Source of classification or shelving scheme Damaged status Not for loan Collection code Home library Current library Shelving location Date acquired Total Checkouts Full call number Barcode Date last seen Price effective from Koha item type
    Library of Congress Classification     SPECIAL Collection ARRUPE LIBRARY ARRUPE LIBRARY Reference 27/01/2016   SPC DT425 .L6 46500006138 27/01/2016 27/01/2016 SPC

 

Arrupe Library. PO Box MP320 Mt Pleasant, Harare, Zimbabwe
263 242 745411|librarian@aju.ac.zw